00686nam a22002297a 450000500170000001000130001702000110003003500130004103700160005404000120007008200190008210000190010124500740012024600480019426000790024227000140032130000200033565000240035565000340037965000230041365000200043620170123162340.0 aA-558471 c100.00 aA-558471 bCen Lib/Ret aDPLbUR a921bر ض ا  aرضا الی  aعمال نامہ : cرضا الی bایک اہم آپ بیتی / aAmalnama : ek aham aap biti /bby Raza Ali  bخدا بخش اورینٹڈ پبلک لائبریری c1992aپٹنہ  bپٹنہ  a525p.c21cm(Hb) aادب -- اردو  aاردوسوانے عمری  aLiterature -- Urdu aUrdu biography